00446 a2200169 450000100060000002000180000604000240002410000220004824000190007024500140008930000090010336200090011265000240012194200070014595201070015299900170025971012 a9788538039365 cAnchieta - Itaigara aReasoner, Charles10aNo Oceanolpor10aNo Oceano a10p.0 a2012 4aLiteratura infantil cBK 00104070a88.1b88.1d2023-11-21l0oLI 028.5 REA NOOp5042/ITAr2023-11-21 20:06:18w2023-11-21yBK c71012d71012